[Event "NB2 Erkel csoport"]
[Site "Vac"]
[Date "2024.11.03"]
[Round "1.11"]
[White "Golya, David"]
[Black "Prohaszka, Gyula Imre"]
[Result "1/2-1/2"]
[WhiteElo "1672"]
[BlackElo "1740"]
[PlyCount "89"]
[EventDate "2024.11.03"]
[EventType "team-tourn"]
[EventRounds "11"]
[EventCountry "HUN"]
[Source "chess.hu"]
[SourceDate "2024.11.04"]
[WhiteTeam "Morihana-Honved ASE"]
[BlackTeam "Vaci SC"]
[WhiteTeamCountry "HUN"]
[BlackTeamCountry "HUN"]

1. e4 c6 2. d4 d5 3. exd5 cxd5 4. Nf3 Nf6 5. Be2 Bf5 6. Bf4 Nc6 7. c3 e6 8.
Nbd2 Bd6 9. Bg3 O-O 10. O-O a6 11. Re1 Rc8 12. Nb3 Bxg3 13. hxg3 Qc7 14. Nc5 a5
15. Nd3 Ne4 16. Nf4 Ne7 17. Qb3 Kh8 18. Rac1 Nd6 19. Bd3 Rfe8 20. Ne5 Bxd3 21.
Nfxd3 b6 22. Qd1 f6 23. Nf3 Ng6 24. Nd2 e5 25. Rf1 Re7 26. b4 Rce8 27. bxa5
bxa5 28. Nc5 e4 29. Qb3 Qc6 30. c4 Nxc4 31. Nxc4 dxc4 32. Rxc4 e3 33. Nd3 Qd5
34. Qc2 Re4 35. Rc5 Qxd4 36. Rxa5 Rd8 37. Rb5 Ne7 38. Rb3 Nf5 39. Rb4 Qd5 40.
Nf4 exf2+ 41. Kh2 Rxf4 42. Rxf4 Ne3 43. Qxf2 Nxf1+ 44. Qxf1 Qxa2 45. Rxf6
1/2-1/2

[Event "NB2 Erkel csoport"]
[Site "Vac"]
[Date "2024.11.03"]
[Round "1.12"]
[White "Keresztesi, Aron Bendeguz"]
[Black "Hangay, Tibor"]
[Result "0-1"]
[WhiteElo "1512"]
[BlackElo "1770"]
[PlyCount "114"]
[EventDate "2024.11.03"]
[EventType "team-tourn"]
[EventRounds "11"]
[EventCountry "HUN"]
[Source "chess.hu"]
[SourceDate "2024.11.04"]
[WhiteTeam "Vaci SC"]
[BlackTeam "Morihana-Honved ASE"]
[WhiteTeamCountry "HUN"]
[BlackTeamCountry "HUN"]

1. d4 d5 2. Nf3 Nf6 3. g3 c6 4. Bg2 e6 5. b3 Bb4+ 6. c3 Be7 7. Bb2 Ne4 8. Nbd2
Nxd2 9. Qxd2 Nd7 10. O-O O-O 11. c4 Nf6 12. Ne5 a5 13. a4 Qb6 14. Qd3 dxc4 15.
Nxc4 Qc7 16. e4 Rd8 17. Rfd1 Bb4 18. e5 Nd5 19. Bxd5 exd5 20. Ne3 Qe7 21. Bc3
Bxc3 22. Qxc3 h5 23. h4 g5 24. Qd3 gxh4 25. Nf5 Qg5 26. Nxh4 Kh8 27. f4 Qg4 28.
Kf2 Rg8 29. Rg1 Bd7 30. Qf3 Qg7 31. Qxh5+ Qh7 32. Qxh7+ Kxh7 33. Rh1 Kg7 34.
Nf3 Bf5 35. Rac1 Rgc8 36. Rh5 Bg6 37. Rh4 b5 38. g4 bxa4 39. bxa4 Bd3 40. Rc3
Bb1 41. Rh1 Rab8 42. Nd2 Bh7 43. Rhc1 Rb2 44. Ke2 Ra2 45. Rxc6 Rxc6 46. Rxc6
Rxa4 47. f5 Rxd4 48. Rc5 a4 49. f6+ Kg6 50. Ke3 Rxg4 51. Rxd5 Kf5 52. Rd4 Rxd4
53. Kxd4 a3 54. Kd5 a2 55. Nb3 Kf4 56. e6 fxe6+ 57. Kxe6 Bg8+ 0-1

[Event "NB2 Erkel csoport"]
[Site "Eger"]
[Date "2024.11.17"]
[Round "2.1"]
[White "Mirza, Solyom"]
[Black "Huszar, Mark"]
[Result "0-1"]
[WhiteElo "2082"]
[BlackElo "2078"]
[PlyCount "90"]
[EventDate "2024.11.03"]
[EventType "team-tourn"]
[EventRounds "11"]
[EventCountry "HUN"]
[Source "chess.hu"]
[SourceDate "2024.11.17"]
[WhiteTeam "Vaci SC"]
[BlackTeam "Egri Bolyky BastyaSE"]
[WhiteTeamCountry "HUN"]
[BlackTeamCountry "HUN"]

1. e4 e5 2. Nf3 Nc6 3. Bc4 Bc5 4. b4 Bxb4 5. c3 Ba5 6. d4 d6 7. Qb3 Qd7 8. O-O
Bb6 9. Bb5 a6 10. Ba4 Ba7 11. Qd1 b5 12. Bb3 Nf6 13. Ng5 O-O 14. d5 Ne7 15. Qd3
h6 16. Nf3 Qg4 17. Re1 Ng6 18. Bd1 Nh5 19. Qf1 Nhf4 20. Kh1 Qh5 21. Ng1 Bg4 22.
Be3 Bxd1 23. Rxd1 Qg4 24. Bxa7 Rxa7 25. g3 Nh5 26. Nd2 f5 27. f3 Qg5 28. exf5
Ne7 29. Qf2 Raa8 30. Ne4 Qxf5 31. g4 Qxe4 32. Qf1 Qg6 33. gxh5 Qxh5 34. a4 Nf5
35. Qf2 bxa4 36. Rxa4 g5 37. Rg4 Nh4 38. Qg3 Rf4 39. Rd4 Raf8 40. Rdxf4 Rxf4
41. Rxf4 exf4 42. Qh3 Qe8 43. Qf1 g4 44. Qf2 Nxf3 45. Nxf3 Qe4 0-1

[Event "NB2 Erkel csoport"]
[Site "Eger"]
[Date "2024.11.17"]
[Round "2.2"]
[White "Huszar, Lorant"]
[Black "Trajber, Daniel"]
[Result "1/2-1/2"]
[WhiteElo "1973"]
[BlackElo "2043"]
[PlyCount "72"]
[EventDate "2024.11.03"]
[EventType "team-tourn"]
[EventRounds "11"]
[EventCountry "HUN"]
[Source "chess.hu"]
[SourceDate "2024.11.17"]
[WhiteTeam "Egri Bolyky BastyaSE"]
[BlackTeam "Vaci SC"]
[WhiteTeamCountry "HUN"]
[BlackTeamCountry "HUN"]

1. e4 c5 2. Nf3 e6 3. c3 d5 4. exd5 Qxd5 5. d4 Nf6 6. Be3 cxd4 7. cxd4 Nc6 8.
Nc3 Qd8 9. Bd3 Be7 10. O-O O-O 11. a3 a6 12. Ne5 Nxe5 13. dxe5 Nd5 14. Nxd5
Qxd5 15. f4 Rd8 16. Be2 Qe4 17. Qc1 Qa4 18. Bb6 Re8 19. Rd1 Bd7 20. Bf3 Qb3 21.
Rxd7 Qxb6+ 22. Kh1 Rac8 23. Qd2 Red8 24. Rd1 g6 25. h3 Kg7 26. Qd4 Bc5 27. Qe4
Rxd7 28. Rxd7 Qb5 29. Qxb7 Qf1+ 30. Kh2 Bg1+ 31. Kg3 Qf2+ 32. Kg4 h5+ 33. Kg5
Qg3+ 34. Bg4 Rf8 35. Qe4 Kg8 36. Kh6 hxg4 1/2-1/2

[Event "NB2 Erkel csoport"]
[Site "Eger"]
[Date "2024.11.17"]
[Round "2.3"]
[White "Trajber, Csaba Dr"]
[Black "Vas, Vince"]
[Result "0-1"]
[WhiteElo "1999"]
[BlackElo "1972"]
[PlyCount "66"]
[EventDate "2024.11.03"]
[EventType "team-tourn"]
[EventRounds "11"]
[EventCountry "HUN"]
[Source "chess.hu"]
[SourceDate "2024.11.17"]
[WhiteTeam "Vaci SC"]
[BlackTeam "Egri Bolyky BastyaSE"]
[WhiteTeamCountry "HUN"]
[BlackTeamCountry "HUN"]

1. e4 c6 2. Ne2 d5 3. e5 Bf5 4. Nd4 Bg6 5. e6 Qd6 6. exf7+ Bxf7 7. Nf3 Nd7 8.
d4 Ngf6 9. Be2 e5 10. dxe5 Nxe5 11. Nd4 O-O-O 12. O-O h5 13. f3 Qd7 14. c3 Bd6
15. Be3 Rde8 16. Bf2 g5 17. Nd2 g4 18. Bh4 gxf3 19. N2xf3 Nfg4 20. Nxe5 Bxe5
21. Nf3 Bf4 22. Qa4 Qc7 23. Bd3 Bxh2+ 24. Kh1 Kb8 25. Rae1 Bg3 26. Bxg3 Qxg3
27. Bf5 Ne3 28. Rxe3 Rxe3 29. Qd4 Rhe8 30. Qf6 Rg8 31. Bh3 Be6 32. Ng1 Bxh3 33.
Qf4+ Qxf4 0-1

[Event "NB2 Erkel csoport"]
[Site "Eger"]
[Date "2024.11.17"]
[Round "2.4"]
[White "Andras, Imre"]
[Black "Tornai, Imre"]
[Result "1/2-1/2"]
[WhiteElo "1907"]
[BlackElo "1987"]
[PlyCount "62"]
[EventDate "2024.11.03"]
[EventType "team-tourn"]
[EventRounds "11"]
[EventCountry "HUN"]
[Source "chess.hu"]
[SourceDate "2024.11.17"]
[WhiteTeam "Egri Bolyky BastyaSE"]
[BlackTeam "Vaci SC"]
[WhiteTeamCountry "HUN"]
[BlackTeamCountry "HUN"]

1. d4 Nf6 2. c4 g6 3. Nc3 Bg7 4. Bf4 d6 5. Nf3 Bg4 6. h3 Bxf3 7. gxf3 Nc6 8. d5
Ne5 9. e4 Nh5 10. Be3 c5 11. Be2 Qb6 12. Rb1 Nd7 13. Qd2 O-O 14. Bh6 f5 15.
Bxg7 Nxg7 16. f4 fxe4 17. Bg4 Nf6 18. Qe3 Qb4 19. b3 Nf5 20. Bxf5 gxf5 21. Rg1+
Kh8 22. Rg5 b5 23. a3 Qa5 24. b4 Qxa3 25. Nxb5 Qa2 26. Qc1 cxb4 27. Rxb4 a6 28.
Nc3 Qa5 29. Qb2 Qc5 30. Rxf5 a5 31. Rb7 e3 1/2-1/2

[Event "NB2 Erkel csoport"]
[Site "Eger"]
[Date "2024.11.17"]
[Round "2.5"]
[White "Torok, Tamas"]
[Black "Kis, Jozsef"]
[Result "1/2-1/2"]
[WhiteElo "1944"]
[BlackElo "1917"]
[PlyCount "27"]
[EventDate "2024.11.03"]
[EventType "team-tourn"]
[EventRounds "11"]
[EventCountry "HUN"]
[Source "chess.hu"]
[SourceDate "2024.11.17"]
[WhiteTeam "Vaci SC"]
[BlackTeam "Egri Bolyky BastyaSE"]
[WhiteTeamCountry "HUN"]
[BlackTeamCountry "HUN"]

1. d4 g6 2. Nf3 Bg7 3. c4 Nf6 4. Nc3 d6 5. Bg5 Nbd7 6. e4 h6 7. Bf4 e5 8. dxe5
Nh5 9. Be3 dxe5 10. h4 c6 11. Qd2 Qe7 12. Be2 Nf4 13. Bxf4 exf4 14. Qxf4
1/2-1/2

[Event "NB2 Erkel csoport"]
[Site "Eger"]
[Date "2024.11.17"]
[Round "2.6"]
[White "Gordos, Csaba Dr"]
[Black "Slezak, Robert"]
[Result "1/2-1/2"]
[WhiteElo "1890"]
[BlackElo "1993"]
[PlyCount "93"]
[EventDate "2024.11.03"]
[EventType "team-tourn"]
[EventRounds "11"]
[EventCountry "HUN"]
[Source "chess.hu"]
[SourceDate "2024.11.17"]
[WhiteTeam "Egri Bolyky BastyaSE"]
[BlackTeam "Vaci SC"]
[WhiteTeamCountry "HUN"]
[BlackTeamCountry "HUN"]

1. e4 Nf6 2. Nc3 d5 3. exd5 Nxd5 4. Bc4 Nxc3 5. bxc3 g6 6. d4 Bg7 7. Nf3 O-O 8.
O-O c5 9. Bb2 Bg4 10. Be2 Nc6 11. h3 Bxf3 12. Bxf3 cxd4 13. cxd4 Bxd4 14. Bxd4
Qxd4 15. Qxd4 Nxd4 16. Bxb7 Rab8 17. Be4 Rfc8 18. Rab1 Ne2+ 19. Kh2 Rxb1 20.
Rxb1 Nc3 21. Re1 Nxe4 22. Rxe4 Rxc2 23. Rxe7 Rxa2 24. Kg1 Ra1+ 25. Kh2 Kg7 26.
g3 Kf6 27. Re8 Ra6 28. Rh8 h5 29. h4 Rb6 30. Rc8 Rb7 31. Re8 Re7 32. Ra8 Ke6
33. f3 Kd6 34. g4 Kc6 35. gxh5 gxh5 36. Rh8 Re5 37. Rh6+ Kb5 38. Rf6 a5 39.
Rxf7 a4 40. f4 Rc5 41. f5 a3 42. Ra7 Kb4 43. f6 Rf5 44. f7 Kb3 45. Rb7+ Kc2 46.
Ra7 Kb2 47. Rb7+ 1/2-1/2

[Event "NB2 Erkel csoport"]
[Site "Eger"]
[Date "2024.11.17"]
[Round "2.7"]
[White "Veres, Istvan"]
[Black "Huszar, Andras"]
[Result "1-0"]
[WhiteElo "1976"]
[BlackElo "1754"]
[PlyCount "65"]
[EventDate "2024.11.03"]
[EventType "team-tourn"]
[EventRounds "11"]
[EventCountry "HUN"]
[Source "chess.hu"]
[SourceDate "2024.11.17"]
[WhiteTeam "Vaci SC"]
[BlackTeam "Egri Bolyky BastyaSE"]
[WhiteTeamCountry "HUN"]
[BlackTeamCountry "HUN"]

1. e4 e5 2. Nc3 Nc6 3. Bc4 Bc5 4. Qg4 Kf8 5. Qg3 d6 6. Nge2 g6 7. d3 Nd4 8.
Nxd4 Bxd4 9. Qf3 Bxc3+ 10. bxc3 Qe8 11. d4 Be6 12. Bd3 h5 13. h3 Kg7 14. O-O
Ne7 15. Qe3 f6 16. f4 exf4 17. Qxf4 Qf7 18. d5 Bd7 19. c4 g5 20. Qf2 g4 21. Bb2
Rh6 22. e5 dxe5 23. Bxe5 Rg8 24. Qd4 gxh3 25. Rf2 Kf8 26. Raf1 Rxg2+ 27. Rxg2
hxg2 28. Rf2 Ng8 29. Bxc7 h4 30. Rxg2 Bh3 31. Bd6+ Ne7 32. Re2 Rh5 33. Bxe7+
1-0

[Event "NB2 Erkel csoport"]
[Site "Eger"]
[Date "2024.11.17"]
[Round "2.8"]
[White "Losonczy, Istvan"]
[Black "Nemeth, Laszlo"]
[Result "0-1"]
[WhiteElo "1766"]
[BlackElo "1994"]
[PlyCount "74"]
[EventDate "2024.11.03"]
[EventType "team-tourn"]
[EventRounds "11"]
[EventCountry "HUN"]
[Source "chess.hu"]
[SourceDate "2024.11.17"]
[WhiteTeam "Egri Bolyky BastyaSE"]
[BlackTeam "Vaci SC"]
[WhiteTeamCountry "HUN"]
[BlackTeamCountry "HUN"]

1. e4 c6 2. d4 d5 3. Nc3 dxe4 4. Nxe4 Nf6 5. Nxf6+ exf6 6. Nf3 Bd6 7. Bd3 O-O
8. O-O Qc7 9. h3 Nd7 10. Re1 Rd8 11. Nh4 Nf8 12. Nf5 Bxf5 13. Bxf5 Bh2+ 14. Kh1
Bf4 15. Re4 Bxc1 16. Qxc1 g6 17. Rg4 Qa5 18. Bd3 f5 19. Rh4 Re8 20. c3 Re7 21.
b4 Qd5 22. c4 Qd7 23. Qd2 Rae8 24. Kg1 Qe6 25. g4 Qf6 26. g5 Qd6 27. Rh6 Qxd4
28. Rd1 Rd8 29. Kf1 Red7 30. Qe2 Qf4 31. h4 Qh2 32. f3 Qh3+ 33. Ke1 Ne6 34. Qe3
Qg3+ 35. Kf1 Nf4 36. Qe5 Qg2+ 37. Ke1 Qg1+ 0-1

[Event "NB2 Erkel csoport"]
[Site "Eger"]
[Date "2024.11.17"]
[Round "2.9"]
[White "Kiss, Pal Vac"]
[Black "Prepelita, Kevin Gabriel"]
[Result "1-0"]
[WhiteElo "1953"]
[BlackElo "1650"]
[PlyCount "35"]
[EventDate "2024.11.03"]
[EventType "team-tourn"]
[EventRounds "11"]
[EventCountry "HUN"]
[Source "chess.hu"]
[SourceDate "2024.11.17"]
[WhiteTeam "Vaci SC"]
[BlackTeam "Egri Bolyky BastyaSE"]
[WhiteTeamCountry "HUN"]
[BlackTeamCountry "HUN"]

1. e4 e5 2. Nf3 Nc6 3. Bc4 Bc5 4. b4 Bxb4 5. c3 Bc5 6. d4 exd4 7. O-O Nge7 8.
cxd4 Bb4 9. Qb3 O-O 10. d5 d6 11. dxc6 Nxc6 12. Bb2 Bg4 13. Nbd2 Bxd2 14. Nxd2
Qg5 15. Nf3 Qg6 16. Bd5 Bh3 17. Nh4 Qg4 18. Qxh3 1-0

[Event "NB2 Erkel csoport"]
[Site "Eger"]
[Date "2024.11.17"]
[Round "2.10"]
[White "Kovacs, Kolos Rego"]
[Black "Harkai, Emma"]
[Result "0-1"]
[WhiteElo "1587"]
[BlackElo "1853"]
[PlyCount "60"]
[EventDate "2024.11.03"]
[EventType "team-tourn"]
[EventRounds "11"]
[EventCountry "HUN"]
[Source "chess.hu"]
[SourceDate "2024.11.17"]
[WhiteTeam "Egri Bolyky BastyaSE"]
[BlackTeam "Vaci SC"]
[WhiteTeamCountry "HUN"]
[BlackTeamCountry "HUN"]

1. e4 e5 2. Nf3 Nc6 3. Bb5 a6 4. Ba4 Nf6 5. O-O b5 6. Bb3 Be7 7. Re1 O-O 8. d4
Nxd4 9. Nxd4 exd4 10. e5 Ne8 11. Qxd4 c5 12. Qe4 Rb8 13. c3 Bb7 14. Qe3 Nc7 15.
Qg3 c4 16. Bc2 Ne6 17. Qh3 g6 18. Bh6 Re8 19. Nd2 d6 20. Rad1 Qc7 21. exd6 Bxd6
22. Ne4 Be7 23. Qe3 Rbd8 24. Bg5 Rxd1 25. Bxd1 Bxe4 26. Bxe7 Bxg2 27. Kxg2 Rxe7
28. Bf3 Nf4+ 29. Qxf4 Qxf4 30. Rxe7 Qg5+ 0-1

[Event "NB2 Erkel csoport"]
[Site "Eger"]
[Date "2024.11.17"]
[Round "2.11"]
[White "Prohaszka, Gyula Imre"]
[Black "Prokaj, Dominik Denes"]
[Result "1-0"]
[WhiteElo "1740"]
[BlackElo "1625"]
[PlyCount "113"]
[EventDate "2024.11.03"]
[EventType "team-tourn"]
[EventRounds "11"]
[EventCountry "HUN"]
[Source "chess.hu"]
[SourceDate "2024.11.17"]
[WhiteTeam "Vaci SC"]
[BlackTeam "Egri Bolyky BastyaSE"]
[WhiteTeamCountry "HUN"]
[BlackTeamCountry "HUN"]

1. d4 Nf6 2. c4 g6 3. Nc3 Bg7 4. Bf4 O-O 5. Qd2 d6 6. Bh6 Nbd7 7. Bxg7 Kxg7 8.
e4 e5 9. d5 Nc5 10. Bd3 Nxd3+ 11. Qxd3 Nh5 12. Nge2 f5 13. h4 fxe4 14. Nxe4 Bf5
15. O-O-O Bxe4 16. Qxe4 Rxf2 17. Qe3 Rxg2 18. Qf3 Rxe2 19. Qxe2 Ng3 20. Qg2
Nxh1 21. Rxh1 Qf6 22. h5 Qf4+ 23. Kb1 Qxc4 24. hxg6 hxg6 25. Qh3 Rf8 26. Qh6+
Kf7 27. Rc1 Qe4+ 28. Ka1 Qxd5 29. Rf1+ Ke7 30. Qxf8+ Kd7 31. Qg7+ Kc6 32. Qxg6
Qd2 33. Kb1 Kb6 34. Rc1 c6 35. Qc2 Qxc2+ 36. Kxc2 Kc5 37. Kd3+ Kd5 38. Rh1 a5
39. a3 a4 40. Rh7 b5 41. Rh6 c5 42. Rh4 c4+ 43. Ke3 Kc5 44. Ke4 c3 45. Kd3 cxb2
46. Rb4 d5 47. Rxb2 e4+ 48. Ke3 Kc4 49. Rb4+ Kc5 50. Kf4 Kc6 51. Ke5 Kc5 52.
Kf4 Kc6 53. Ke3 Kc5 54. Rb1 Kc4 55. Rb2 Kc5 56. Rc2+ Kb6 57. Kd4 1-0

[Event "NB2 Erkel csoport"]
[Site "Eger"]
[Date "2024.11.17"]
[Round "2.12"]
[White "Kovacs, Rebeka Zsofia"]
[Black "Keresztesi, Aron Bendeguz"]
[Result "1-0"]
[WhiteElo "1573"]
[BlackElo "1512"]
[PlyCount "119"]
[EventDate "2024.11.03"]
[EventType "team-tourn"]
[EventRounds "11"]
[EventCountry "HUN"]
[Source "chess.hu"]
[SourceDate "2024.11.17"]
[WhiteTeam "Egri Bolyky BastyaSE"]
[BlackTeam "Vaci SC"]
[WhiteTeamCountry "HUN"]
[BlackTeamCountry "HUN"]

1. e4 d5 2. exd5 Nf6 3. Nc3 c6 4. dxc6 Nxc6 5. Nf3 e5 6. d3 Bg4 7. h3 Bxf3 8.
Qxf3 Nd4 9. Qd1 g6 10. Bg5 Bg7 11. Ne4 h6 12. Be3 Nxe4 13. dxe4 O-O 14. Bd3 Qc7
15. O-O Rfd8 16. Qc1 Kh7 17. Kh1 b6 18. c3 Ne6 19. Qc2 h5 20. Qe2 Bh6 21. Bxh6
Kxh6 22. Rad1 Kg7 23. Rfe1 Rd7 24. Bc4 Nf4 25. Qf1 Qc6 26. g3 Rxd1 27. Rxd1
Nxh3 28. Kh2 Ng5 29. Bd5 Qa4 30. Bxa8 Qxa2 31. Qe2 Qe6 32. g4 Kh6 33. Rg1 Kg7
34. Qe3 Qf6 35. Kg3 h4+ 36. Kg2 h3+ 37. Kh1 Qf4 38. Qxf4 exf4 39. e5 Kf8 40.
Bd5 Ke7 41. Ra1 a5 42. b4 f6 43. exf6+ Kxf6 44. bxa5 Ke5 45. Bb7 bxa5 46. Rxa5+
Kf6 47. Bd5 Ne6 48. Bxe6 Kxe6 49. c4 Kd6 50. Rg5 f3 51. Rxg6+ Kc5 52. Rf6 Kxc4
53. g5 Kd5 54. g6 Ke5 55. Rf8 Ke6 56. g7 Kd5 57. g8=Q+ Kd4 58. Qe6 h2 59. Rd8+
Kc5 60. Qe3+ 1-0

[Event "NB2 Erkel csoport"]
[Site "Budapest"]
[Date "2024.11.17"]
[Round "2.1"]
[White "Reviczki, Roland"]
[Black "Feher, Gyula"]
[Result "1-0"]
[WhiteElo "2241"]
[BlackElo "2313"]
[PlyCount "63"]
[EventDate "2024.11.03"]
[EventType "team-tourn"]
[EventRounds "11"]
[EventCountry "HUN"]
[Source "chess.hu"]
[SourceDate "2024.11.17"]
[WhiteTeam "TFSE"]
[BlackTeam "Sport Muhely SE"]
[WhiteTeamCountry "HUN"]
[BlackTeamCountry "HUN"]

1. e4 c5 2. Nf3 d6 3. d4 cxd4 4. Nxd4 Nf6 5. Nc3 a6 6. Be3 e5 7. Nb3 Be6 8. f3
h5 9. Qd2 Nbd7 10. O-O-O Rc8 11. Kb1 Be7 12. Bd3 Qc7 13. h3 h4 14. f4 b5 15.
Rhe1 Rb8 16. Bf1 Nb6 17. Bg1 Nc4 18. Qf2 exf4 19. Qxf4 Na3+ 20. bxa3 Qxc3 21.
Bd4 Qg3 22. Qxg3 hxg3 23. e5 dxe5 24. Bxe5 Rc8 25. Nd4 Nd5 26. Nxe6 fxe6 27.
Bxg7 Rg8 28. Bb2 Kf7 29. Rd3 Bf6 30. Rf3 Nc3+ 31. Ka1 Ke7 32. Rxf6 1-0

[Event "NB2 Erkel csoport"]
[Site "Budapest"]
[Date "2024.11.17"]
[Round "2.2"]
[White "Farago, Sandor"]
[Black "Peredy, Ferenc"]
[Result "1-0"]
[WhiteElo "2038"]
[BlackElo "2171"]
[PlyCount "65"]
[EventDate "2024.11.03"]
[EventType "team-tourn"]
[EventRounds "11"]
[EventCountry "HUN"]
[Source "chess.hu"]
[SourceDate "2024.11.17"]
[WhiteTeam "Sport Muhely SE"]
[BlackTeam "TFSE"]
[WhiteTeamCountry "HUN"]
[BlackTeamCountry "HUN"]

1. e4 e6 2. d4 d5 3. Nc3 dxe4 4. Nxe4 Bd7 5. Nf3 Bc6 6. Bd3 Nd7 7. Qe2 Ngf6 8.
Neg5 Bxf3 9. Nxf3 Be7 10. Bd2 O-O 11. O-O-O c5 12. c3 Qa5 13. Kb1 Rfd8 14. g4
cxd4 15. g5 Nh5 16. Nxd4 g6 17. f4 Bf8 18. Bc2 Bg7 19. f5 exf5 20. Nxf5 Re8 21.
Qg4 Ne5 22. Qh3 Nc4 23. Nxg7 Nxd2+ 24. Rxd2 Nxg7 25. Qg2 Re7 26. Rf1 Rae8 27.
a3 Qb5 28. Rff2 Ne6 29. Qd5 Qb6 30. h4 Rc8 31. Qe5 Rc5 32. Qf6 Rec7 33. h5 1-0

[Event "NB2 Erkel csoport"]
[Site "Budapest"]
[Date "2024.11.17"]
[Round "2.3"]
[White "Laszlo, Csaba"]
[Black "Meszaros, Andras"]
[Result "0-1"]
[WhiteElo "2077"]
[BlackElo "2149"]
[PlyCount "130"]
[EventDate "2024.11.03"]
[EventType "team-tourn"]
[EventRounds "11"]
[EventCountry "HUN"]
[Source "chess.hu"]
[SourceDate "2024.11.17"]
[WhiteTeam "TFSE"]
[BlackTeam "Sport Muhely SE"]
[WhiteTeamCountry "HUN"]
[BlackTeamCountry "HUN"]

1. e4 c5 2. Nf3 d6 3. d4 Nf6 4. Nc3 cxd4 5. Nxd4 e5 6. Nb3 Be7 7. Be2 O-O 8.
O-O Nc6 9. Bg5 Be6 10. Bxf6 Bxf6 11. Nd5 Bg5 12. c3 Rc8 13. Qd3 Ne7 14. Nxe7+
Qxe7 15. Rfd1 Rfd8 16. Bf3 Qc7 17. Nd2 g6 18. Nf1 Bc4 19. Qc2 Qc5 20. Re1 b5
21. Ne3 Be6 22. Qd3 b4 23. cxb4 Qxb4 24. b3 Rc3 25. Nd5 Bxd5 26. Qxd5 Rc5 27.
Qd3 Bd2 28. Red1 Bc3 29. Rac1 Bd4 30. Qf1 Rxc1 31. Rxc1 Qd2 32. Be2 Qxa2 33.
Bc4 Qd2 34. Re1 Kg7 35. Re2 Qf4 36. Bd5 Rc8 37. Bc4 Rc5 38. Qe1 f5 39. Rc2 a5
40. g3 Qxe4 41. Qd2 f4 42. gxf4 Qxf4 43. Qxf4 exf4 44. Rd2 d5 45. Be2 Bc3 46.
Rd3 Kf6 47. Kg2 Ke5 48. Rd1 Bb4 49. Bf3 d4 50. Be2 g5 51. h3 Rc3 52. Rd3 Rc2
53. Kf1 Bc3 54. Rd1 Rb2 55. Bc4 f3 56. Kg1 h5 57. Kh2 Kf4 58. Kg1 g4 59. hxg4
hxg4 60. Bd5 Bd2 61. Kf1 g3 62. fxg3+ Kxg3 63. Ra1 Be3 64. Bc4 Rh2 65. Ke1 Bd2+
0-1

[Event "NB2 Erkel csoport"]
[Site "Budapest"]
[Date "2024.11.17"]
[Round "2.4"]
[White "Muranyi, Peter"]
[Black "Gyorfi, Adam"]
[Result "0-1"]
[WhiteElo "2083"]
[BlackElo "2047"]
[PlyCount "70"]
[EventDate "2024.11.03"]
[EventType "team-tourn"]
[EventRounds "11"]
[EventCountry "HUN"]
[Source "chess.hu"]
[SourceDate "2024.11.17"]
[WhiteTeam "Sport Muhely SE"]
[BlackTeam "TFSE"]
[WhiteTeamCountry "HUN"]
[BlackTeamCountry "HUN"]

1. d4 Nf6 2. c4 e6 3. Nc3 Bb4 4. g3 O-O 5. Bg2 d5 6. cxd5 exd5 7. e3 c6 8. Nge2
Bf5 9. Qb3 Qb6 10. O-O Nbd7 11. Na4 Qa5 12. a3 Bd6 13. Qd1 b5 14. Nac3 b4 15.
Na4 bxa3 16. bxa3 Rab8 17. Re1 Rb7 18. f3 Bc2 19. Qxc2 Qxe1+ 20. Bf1 Qa5 21.
Bd2 Qc7 22. e4 Ne8 23. e5 Be7 24. Nec3 Nb6 25. Ba6 Rb8 26. Bf4 Rd8 27. Nc5 Bxc5
28. dxc5 Nc8 29. Qa4 Qd7 30. Re1 Nc7 31. Bb7 Ne7 32. Bg5 Ne6 33. Bxe7 Qxe7 34.
Qxc6 Nxc5 35. Nxd5 Qxb7 0-1

[Event "NB2 Erkel csoport"]
[Site "Budapest"]
[Date "2024.11.17"]
[Round "2.5"]
[White "Suto, Gabor"]
[Black "Juhasz, Mark"]
[Result "1/2-1/2"]
[WhiteElo "2099"]
[BlackElo "2039"]
[PlyCount "30"]
[EventDate "2024.11.03"]
[EventType "team-tourn"]
[EventRounds "11"]
[EventCountry "HUN"]
[Source "chess.hu"]
[SourceDate "2024.11.17"]
[WhiteTeam "TFSE"]
[BlackTeam "Sport Muhely SE"]
[WhiteTeamCountry "HUN"]
[BlackTeamCountry "HUN"]

1. d4 d5 2. c4 e6 3. Nc3 Be7 4. Nf3 Nf6 5. Bf4 O-O 6. e3 b6 7. cxd5 Nxd5 8.
Nxd5 Qxd5 9. a3 c5 10. dxc5 Qxd1+ 11. Rxd1 Bxc5 12. Bd3 Bb7 13. Ng5 h6 14. Ne4
Be7 15. O-O Rd8 1/2-1/2

[Event "NB2 Erkel csoport"]
[Site "Budapest"]
[Date "2024.11.17"]
[Round "2.6"]
[White "Torok, Tamas Titusz"]
[Black "Janosi, Bence"]
[Result "0-1"]
[WhiteElo "2003"]
[BlackElo "2010"]
[PlyCount "96"]
[EventDate "2024.11.03"]
[EventType "team-tourn"]
[EventRounds "11"]
[EventCountry "HUN"]
[Source "chess.hu"]
[SourceDate "2024.11.17"]
[WhiteTeam "Sport Muhely SE"]
[BlackTeam "TFSE"]
[WhiteTeamCountry "HUN"]
[BlackTeamCountry "HUN"]

1. e4 e6 2. d4 d5 3. exd5 exd5 4. Nf3 Nc6 5. Bb5 Bd6 6. c4 Bb4+ 7. Nc3 Nge7 8.
O-O O-O 9. cxd5 Nxd5 10. Qd3 Nce7 11. Bg5 f6 12. Bd2 c6 13. Bc4 Bxc3 14. bxc3
Bf5 15. Qe2 Re8 16. Qd1 Kh8 17. Nh4 Bg6 18. Nxg6+ Nxg6 19. g3 Qd7 20. Qh5 Nde7
21. Rfe1 Qf5 22. Qe2 Rf8 23. Rab1 Rab8 24. h4 Nd5 25. Bd3 Qd7 26. c4 Nb6 27.
Qh5 Qf7 28. Re7 Qxe7 29. Bxg6 h6 30. Bxh6 gxh6 31. Qxh6+ Kg8 32. h5 Nxc4 33.
Kg2 Qg7 34. Qf4 Nb6 35. Re1 Nd5 36. Qe4 f5 37. Qe6+ Kh8 38. Qd6 Rbd8 39. Qc5 f4
40. Qc2 f3+ 41. Kg1 Qd7 42. Qc1 Nf4 43. Be4 Ne2+ 44. Rxe2 fxe2 45. Qh6+ Kg8 46.
Qg6+ Qg7 47. Qe6+ Kh8 48. Bg6 Qxd4 0-1

[Event "NB2 Erkel csoport"]
[Site "Budapest"]
[Date "2024.11.17"]
[Round "2.7"]
[White "Varga, Boldizsar"]
[Black "Borda, Lajos"]
[Result "1/2-1/2"]
[WhiteElo "1911"]
[BlackElo "1970"]
[PlyCount "120"]
[EventDate "2024.11.03"]
[EventType "team-tourn"]
[EventRounds "11"]
[EventCountry "HUN"]
[Source "chess.hu"]
[SourceDate "2024.11.17"]
[WhiteTeam "TFSE"]
[BlackTeam "Sport Muhely SE"]
[WhiteTeamCountry "HUN"]
[BlackTeamCountry "HUN"]

1. Nf3 Nf6 2. g3 d5 3. Bg2 c5 4. O-O Nc6 5. c4 e5 6. Qa4 Qd7 7. cxd5 Nxd5 8.
Nxe5 Nxe5 9. Qxd7+ Bxd7 10. Bxd5 Bc6 11. Bxc6+ Nxc6 12. Nc3 Be7 13. d3 Rd8 14.
Be3 O-O 15. Rfc1 Rd7 16. Ne4 b6 17. a3 f5 18. Nd2 Bf6 19. Rab1 Re8 20. b4 Nd4
21. Kf1 cxb4 22. Bxd4 Bxd4 23. axb4 b5 24. Nb3 Bb6 25. Rc6 Kf7 26. Rbc1 Red8
27. Nc5 Re7 28. e3 g6 29. d4 Rd5 30. Nd3 Kg7 31. Nf4 Rdd7 32. d5 Kf7 33. h4 Re4
34. d6 Rc4 35. R1xc4 bxc4 36. Nd5 Bd8 37. Ke2 Ke6 38. Nc7+ Kf7 39. Nb5 a5 40.
bxa5 Bxa5 41. Rxc4 Ke6 42. Ra4 Bb6 43. Kd3 Kd5 44. Rc4 Bc5 45. f3 Kc6 46. Nc3
Kxd6 47. Ke2 Rb7 48. Na4 Rb4 49. Rxb4 Bxb4 50. Nb2 Ke6 51. Nd3 Bd6 52. Nf4+ Kf7
53. Kd3 Bb8 54. e4 Kf6 55. Kd4 Be5+ 56. Kd5 Bb8 57. Ne2 h5 58. f4 fxe4 59. Kxe4
Ba7 60. Kf3 Kf5 1/2-1/2